000 00532nam a2200181Ia 4500
005 20250508152844.0
008 008 250505s9999 xx 000 0 eng d
037 _aTextual
040 _aFEDL
_beng
_cFEDL
041 _aeng
_2eng
084 _a027.4058, NEW
_qFEDL
245 0 _aNew India: Directory of libraries and educational institutions
260 _aNew Delhi, India
_bNew Book Society of India
300 _a160p.
650 _aLibraries
942 _cTEXL
_h027.4058, NEW
999 _c1339221
_d1339221